Statistics for Most Popular Dog Breeds

Click here to take the quiz!

General Stats

  • This quiz has been taken 18 times
  • The average score is 15 of 50

Answer Stats

RankBreed% Correct
1Labrador retriever
100%
3Golden retriever
88%
29Cocker spaniel
81%
6Beagle
75%
5Bulldog
69%
7Poodle
69%
31Pug
63%
2German Shepherd
56%
15Pembroke welsh corgi
56%
8Rottweiler
56%
32Chihuahua
50%
4French bulldog
50%
14Great dane
50%
11Boxer
44%
12Siberian husky
44%
9Yorkshire terrier
44%
39Basset hound
38%
50Bloodhound
38%
19Cavalier King Charles spaniel
38%
40Collie
38%
20Shih tzu
38%
38Border collie
31%
27English springer spaniel
31%
33Maltese
31%
36Newfoundland
31%
22Pomeranian
31%
42West highland white terrier
31%
21Boston terrier
25%
17Australian shepherd
19%
16Dobermann pinscher
19%
28Mastif
19%
48St bernard
19%
46Bichon frise
13%
41Rhodesian ridgeback
13%
45Shiba inu
13%
47Akita
6%
25Bernese mountain dog
6%
23Havanese
6%
18Miniature schnauzer
6%
10Pointer
6%
24Shetland sheepdog
6%
44Belgian malinois
0%
26Brittany
0%
37Cane corso
0%
43Chesapeake bay retriever
0%
13Dachshunds
0%
35Miniature American shepherd
0%
49Soft coated wheaten terrier
0%
30Vizsla
0%
34Weimaraners
0%

Score Distribution

Percentile by Number Answered

Percent of People with Each Score

Your Score History

You have not taken this quiz